00518nam a2200193 a 4500001001300000003000900013005001700022008004100039020000900080082001800089100002200107245002200129260006000151300000900211500003500220505003100255650001600286700002200302nice12345678IN_TiNIC20260116013532.0050524s1999 newa grp 000 0 urd  ac8000a891.4391bJAL aJaleel, Ali Ahmed aKaainat-E-Jaleel. aNew DelhibQaumi Council Barai Taraqi-E-Urdu Langc1999 a358p aincludes index and biblioraphy2 aGeneral Index of reference aUrdu-Poetry1 aJaleel, Ali Ahmed